Inclosures (Record no. 114372)
[ view plain ]
| 000 -LEADER | |
|---|---|
| fixed length control field | 00800cam a22001815a 4500 |
| 001 - CONTROL NUMBER | |
| control field | L156704 |
| 008 - FIXED-LENGTH DATA ELEMENTS--GENERAL INFORMATION | |
| fixed length control field | 120626s1874 xxk f 000 0 eng d |
| 035 ## - SYSTEM CONTROL NUMBER | |
| System control number | (Sirsi) u156704 |
| 041 0# - LANGUAGE CODE | |
| Language code of text/sound track or separate title | eng |
| 110 2# - MAIN ENTRY--CORPORATE NAME | |
| Corporate name or jurisdiction name as entry element | Great Britain |
| Subordinate unit | Parliament |
| -- | House of Commons |
| 9 (RLIN) | 6039 |
| 245 00 - TITLE STATEMENT | |
| Title | Inclosures |
| Remainder of title | return to an address of the Honourable the House of Commons, dated 4 August 1873; - for, "Return of the acreage of 1. Waste lands subject to Rights of Common", "2. Common field lands in each parish of England and Wales in which the tithes have been commuted, under the tithe commutation acts?" |
| 260 ## - PUBLICATION, DISTRIBUTION, ETC. | |
| Place of publication, distribution, etc. | [S.l. |
| Name of publisher, distributor, etc. | s. n.] |
| Date of publication, distribution, etc. | 1874 |
| 300 ## - PHYSICAL DESCRIPTION | |
| Extent | 292 p. |
| Dimensions | 34 cm. |
| 520 ## - SUMMARY, ETC. | |
| Summary, etc. | Ordered, by the House of Commons, to be printed, 13 April 1874. |
| 651 #4 - SUBJECT ADDED ENTRY--GEOGRAPHIC NAME | |
| Geographic name | Great Britain |
| Chronological subdivision | 1707- |
| 690 ## - LOCAL SUBJECT ADDED ENTRY--TOPICAL TERM (OCLC, RLIN) | |
| Topical term or geographic name as entry element | Rural |
| 9 (RLIN) | 6268 |
| 942 ## - ADDED ENTRY ELEMENTS (KOHA) | |
| Suppress in OPAC | 0 |
| Withdrawn status | Lost status | Damaged status | Not for loan | Home library | Current library | Shelving location | Date acquired | Total Checkouts | Full call number | Barcode | Date last seen | Copy number | Price effective from | Koha item type |
|---|---|---|---|---|---|---|---|---|---|---|---|---|---|---|
| Historic collection | Historic collection | Historic collection | 26/06/2012 | LAW FOLIO 1874 HOUSE | 30078106 | 20/08/2025 | 1 | 06/08/2019 | Book |